Statistics for Best Jerry Maguire Quotes Quiz

Click here to take the quiz!

General Stats

  • This quiz has been taken 262 times
  • The average score is 9 of 13

Answer Stats

CharacterQuoteAnswer% Correct
JerryShow me the _____!money
99%
DorothyYou had me at _____hello
93%
JerryHelp me, help ___you
92%
LaurelDon't cry at the beginning of a date. Cry at the ___, like I doend
89%
JerryI love you. You... you ________ mecomplete
79%
Rod Tidwell(Asked if he wants a towel) No, I ___-dryair
76%
JerryHe said that? He said I don't understand what it means to be a black person? I am Mister _____ people!black
75%
DorothyLook at me Laurel, I'm the ______ 26 year old in the worldoldest
64%
JerryDon't worry, I'm not gonna do what you all think I'm gonna do, which is, you know, ____ out!flip
62%
Rod TidwellJerry Maguire. My _____. You are my ambassador of kwan!agent
46%
Bob SugarIt's not show friends. It's show '________'business
43%
JerryI'm still sort of moved by your "My word is stronger than ___" thingoak
32%
JerryThat's more than a _____. That's an Audrey Hepburn moviedress
21%

Score Distribution

Percentile by Number Answered

Percent of People with Each Score

Your Score History

You have not taken this quiz